000 00787nam a2200241 a 4500
001 1518566
005 20180823044212.0
008 891102s1990 moua b 001 0 eng
010 _a 89202884
020 _a0801660793
040 _aDLC
_cDLC
_dDLC
041 _aeng
080 _a612
082 0 0 _a612
_220
100 1 _a7
101 _aANA
245 1 0 _aAnthony's Textbook of anatomy and physiology /
_cGary A. Thibodeau ; illustration program by Ernest W. Beck, Joan M. Beck, James M. Krom.
504 _aIncludes bibliographical references (p. 778-782).
740 0 _aTextbook of anatomy and physiology.
906 _a7
_bcbc
_corignew
_d2
_encip
_f19
_gy-gencatlg
942 _2ddc
_cBK
999 _c47270
_d47270